000 00470nam a2200157 4500
999 _c11852
_d11852
008 210113b ||||| |||| 00| 0 eng d
020 _a8120308484
082 0 0 _a004.1
_bR138
100 _94141
_aRafiquzzaman, M.
245 1 0 _aMicroprocessors : theory and applications (Intel and Motorola) /
_cby M. Rafiquzzaman
250 _arev. ed.
260 _aNew Delhi
_bPrentice hall of India,
_c1993.
300 _aix, 468 p.
650 0 _aMicroprocessors
942 _2ddc
_cBK